| 000 | 00533nam a22001937a 4500 | ||
|---|---|---|---|
| 003 | CEME | ||
| 005 | 20210628203022.0 | ||
| 008 | 210216b xxu||||| |||| 00| 0 eng d | ||
| 020 | _a0-192800-41-8 | ||
| 040 | _c. | ||
| 082 | _a510.3 CLA | ||
| 100 |
_aClapham, Christopher _962899 |
||
| 245 | _aThe concise oxford dictionary of mathematics | ||
| 250 | _a2ND | ||
| 260 |
_aNEW YORK _bOXFORD UNIVERSITY PRESS _c1996 |
||
| 300 | _aVI,300P | ||
| 650 |
_aMATHEMATICS-DICTIONARY; DICTIONARY OF MATHEMATICS _962900 |
||
| 942 |
_cBK _2ddc |
||
| 999 |
_c571853 _d571853 |
||